| 000 | 01877nam a2200301 c 4500 | ||
|---|---|---|---|
| 003 | BLK | ||
| 005 | 20180420222748.0 | ||
| 008 | 180408b bul|||||r ||||||| ||bul|| | ||
| 010 | _aKNG00062362000 | ||
| 040 | _aBLK | ||
| 041 |
_aBUL _cBUL |
||
| 080 |
_aРационализация на педагогическия процес чрез опростяване, нормализиране, механизиране и автоматизиране на обучението _b37.014.544 _x: 331.101 _z37.014.544: 331.101 |
||
| 100 | 1 |
_aГеоргиев, Георги Иванов _eпърви автор _9254525 |
|
| 700 | 1 |
_aДимитрова, Тодорка Ст. _eсъавт. _9288224 |
|
| 700 | 1 |
_aКараманска, Димитрина Янкова _eсъавт. _976728 |
|
| 139 |
_aГеоргиев, Георги Иванов _bГ 37 |
||
| 245 | 1 | 0 |
_aЕргономични фактори на компютризираното обучение _bМетоди и препоръч. данни за проектиране и използуване на компютризирани уч. места _cГеорги Иванов Георгиев; съавт. Тодорка Ст. Димитрова; съавт. Димитрина Янкова Караманска. |
| 257 | _aBGR | ||
| 260 |
_аСофия _bВМЕИ В. И. Ленин _c1988 |
||
| 300 |
_a128с. _bс табл., сх., черт. _c20 см |
||
| 380 | _a3 | ||
| 500 | _aИзд. на ВМЕИ В. И. Ленин - София.Кат. Инж. ергономия и пром. проектиране. Центр. научноизслед. лаб. по ергономия, инж. психология и пром. естетика | ||
| 852 | _aЦб 155094 | ||
| 856 | 4 |
_qpdf _u |
|
| 856 | 4 |
_qpdf _u |
|
| 942 |
_cKNG _n0 |
||
| 944 |
_aCR _c08.12.2017 _kХристина_Везирева |
||
| 944 |
_aED _c08.12.2017 _kХристина_Везирева |
||
| 999 |
_c58326 _d58326 |
||